000 00359nam a2200133 4500
005 20260530113907.0
100 1 _aAlejandro Lazo Margaín
_932944
245 1 0 _aWho is Who In ICSID México October 1979
264 1 _bICSID México
_c1979
300 _a137 páginas
336 _atexto
_2rdacontent
337 _asin medio
_2rdamedia
338 _avolumen
_2rdacarrier
999 _c11999
_d11999